000 00626nam a2200229Ia 4500
003 OSt
005 20220918203116.0
006 a|||||r|||| 00| 0
007 ta
008 220917b |||||||| |||| 00| 0 eng d
024 _a106,073
037 _cTextual
040 _aARTS
_cARTS
_beng
041 _2eng
_aeng
082 _aV3:1:D650<-D350, L3
100 _aMorris John
_945155
245 0 _aAge of Arthur
_b A history of the British Isles from 350 to 650
260 _aNA
_bNA
_c1973
650 _aHISTORY
942 _hV3:1:D650<-D350, L3
_cTEXL
_2CC
999 _c229431
_d229431